Territorio amazónico (Registro nro. 20893)

Detalles MARC
000 -CABECERA
Campo de control 01279nam a22002897a 4500
005 - FECHA Y HORA DE LA ULTIMA TRANSACCION
Campo de control 20200224075925.0
008 - ELEMENTOS DE LONGITUD FIJA—INFORMACION GENERAL
Campo de control 200224b xxu||||| |||| 00| 0 spa d
040 ## - FUENTE DE CATALOGACIÓN
Agencia catalogadora original CO-BoIAVH
Agencia transcriptora CO-BoIAVH
041 ## - IDIOMA
Código de idioma de la versión original y/o traducciones intermedias del texto Español
090 ## - CLASIFICACIÓN LOCAL
Colección K
Consecutivo 0016
110 ## - ASIENTO PRINCIPAL--NOMBRE CORPORATIVO
9 (RLIN) 32999
Nombre corporativo o de jurisdicción como elemento de entrada Parques Nacionales Naturales de Colombia
245 ## - MENCION DE TITULO
Título Territorio amazónico
Parte restante del título Juntos protegemos la Amazonía
Mención de responsabilidad Parques Nacionales Naturales de Colombia y Visión Amazonía
Medio físico Material didáctico
300 ## - DESCRIPCION FISICA
Extensión Caja
Dimensiones 34.5 x 25 x 4 cm
500 ## - NOTA GENERAL
Nota general 1. Un tablero de juego.
500 ## - NOTA GENERAL
Nota general 2. Ocho fichas diferentes de jugadores:Una líder campesina mestiza, un colono, un indígena, un guardaparque, tradicional indígena, científico, alcalde y comerciante.
500 ## - NOTA GENERAL
Nota general 3. Dos dados.
500 ## - NOTA GENERAL
Nota general 4. 29 cartas de las zonas de territorio y 50 puntos de manejo.
500 ## - NOTA GENERAL
Nota general 5. 15 cartas de valores.
500 ## - NOTA GENERAL
Nota general 6. 17 cartas de situación.
500 ## - NOTA GENERAL
Nota general 7. 40 elementos de intercambio por cada una de las cinco formas (agua, bosque, fauna, semillas y conocimiento).
500 ## - NOTA GENERAL
Nota general 8. Manual Territorio Amazónico.
650 #0 - ASIENTO SECUNDARIO DE MATERIA - TERMINO TEMATICO
9 (RLIN) 53355
Término temático o nombre geográfico como elemento de entrada Territorio
650 #0 - ASIENTO SECUNDARIO DE MATERIA - TERMINO TEMATICO
9 (RLIN) 8100
Término temático o nombre geográfico como elemento de entrada Educación ambiental
650 #0 - ASIENTO SECUNDARIO DE MATERIA - TERMINO TEMATICO
9 (RLIN) 2137
Término temático o nombre geográfico como elemento de entrada Ecosistemas
Subdivisión geográfica Amazonía (Colombia)
651 #0 - ASIENTO SECUNDARIO DE MATERIA - NOMBRE GEOGRAFICO
9 (RLIN) 86229
Nombre geográfico Amazonía (Región, Colombia)
942 ## - ELEMENTOS ADICIONALES (KOHA)
Sistema de clasificación Local
Tipo de ítem Mixed Materials
Existencias
Withdrawn status Lost status Sistema de Clasificación Damaged status No para préstamo Colección Ubicación Permanente Ubicación actual Fecha de adquisición Total Checkouts Número topográfico Inventario / Código de Barras Date last seen Ejemplar Price effective from Forma de adquisición Tipo de material
    Local     Hemeroteca Bogotá Bogotá 24/02/2020   K-0016 044139 24/02/2020 Ej. 1 24/02/2020 Donación Mixed Materials